|
|
|
|
| LEADER |
00000nam0a2200000 4500 |
| 001 |
77925 |
| 005 |
20231101212947.0 |
| 035 |
|
|
|a (RuTPU)RU\TPU\book\83528
|
| 090 |
|
|
|a 77925
|
| 100 |
|
|
|a 20050603d2004 m y0rusy50 ca
|
| 101 |
0 |
|
|a rus
|
| 102 |
|
|
|a RU
|
| 105 |
|
|
|a a j 000zy
|
| 200 |
1 |
|
|a Курсовое проектирование деталей машин
|e учебное пособие для средних специальных учебных заведений
|f А. Е. Шейнблит
|
| 205 |
|
|
|a 2-е изд., перераб. и доп.
|
| 210 |
|
|
|a Калининград
|c Янтарный сказ
|d 2004
|
| 215 |
|
|
|a 455 с.
|c ил.
|
| 330 |
|
|
|a В пособии разработаны технические задания на проектирование; даны нормы, методы и правила расчета и конструирования механических передач и их деталей. Материал излагается в последовательности стадий проектирования, предусмотренных ЕСКД: техническое предложение, эскизный проект, технический проект, рабочая документация. В пособии содержатся технические задания на курсовой проект, атлас конструкций одноступенчатых редукторов, классификатор ЕСКД, каталог стандартных изделий. Книга предназначена для студентов средних специальных учебных заведений; она может быть использована студентами вузов.
|
| 451 |
|
1 |
|0 (RuTPU)RU\TPU\book\133974
|y 5-7406-0257-2
|t Курсовое проектирование деталей машин
|o учебное пособие для средних специальных учебных заведений
|f А. Е. Шейнблит
|e 2-е изд., перераб. и доп.
|c Калининград
|n Янтарный сказ
|d 2005
|p 456 с.
|a Шейнблит, Александр Ефимович
|
| 451 |
|
1 |
|0 (RuTPU)RU\TPU\book\49960
|y 5-7406-0257-2
|t Курсовое проектирование деталей машин
|o учебное пособие
|f А. Е. Шейнблит
|e 2-е изд., перераб. и доп.
|c Калининград
|n Янтарный сказ
|d 2002
|p 454 с.
|a Шейнблит, Александр Ефимович
|
| 606 |
1 |
|
|a Детали машин
|x Курсовое проектирование
|2 stltpush
|3 (RuTPU)RU\TPU\subj\9171
|9 36449
|
| 610 |
1 |
|
|a эскизные проекты
|
| 610 |
1 |
|
|a зубчатые передачи
|
| 610 |
1 |
|
|a червячные передачи
|
| 610 |
1 |
|
|a расчет
|
| 610 |
1 |
|
|a редукторы
|
| 610 |
1 |
|
|a валы
|
| 610 |
1 |
|
|a чертежи
|
| 610 |
1 |
|
|a подшипники
|
| 610 |
1 |
|
|a техническое проектирование
|
| 610 |
1 |
|
|a приводы
|
| 610 |
1 |
|
|a конструирование
|
| 610 |
1 |
|
|a смазочные устройства
|
| 610 |
1 |
|
|a рабочая документация
|
| 610 |
1 |
|
|a конструкторская документация
|
| 610 |
1 |
|
|a ЕСКД
|
| 610 |
1 |
|
|a единая система конструкторской документации
|
| 610 |
1 |
|
|a стандартные изделия
|
| 610 |
1 |
|
|a передачи
|
| 610 |
1 |
|
|a двигатели
|
| 610 |
1 |
|
|a учебные пособия
|
| 610 |
1 |
|
|a курсовые проекты
|
| 675 |
|
|
|a 621.81.001.63(075.32)
|v 3
|
| 700 |
|
1 |
|a Шейнблит
|b А. Е.
|g Александр Ефимович
|
| 801 |
|
1 |
|a RU
|b 63413507
|c 20050603
|g PSBO
|
| 801 |
|
2 |
|a RU
|b 63413507
|c 20210624
|g PSBO
|
| 900 |
|
|
|a Детали машин
|
| 900 |
|
|
|a Детали машин и основы конструирования
|
| 900 |
|
|
|a Курсовой проект
|
| 942 |
|
|
|c BK
|
| 952 |
|
|
|a 550000
|b 120100
|